Normal view MARC view
  • Patra, Hemalata Roy, Gopendra Kishore

Entry Corporate Name

Number of records used in: 1

001 - CONTROL NUMBER

  • control field: 112439

003 - CONTROL NUMBER IDENTIFIER

  • control field: NUST

005 - DATE AND TIME OF LATEST TRANSACTION

  • control field: 20230518113311.0

008 - FIXED-LENGTH DATA ELEMENTS

  • fixed length control field: 230518|| aca||aabn | a|a d

040 ## - CATALOGING SOURCE

  • Original cataloging agency: NUST
  • Transcribing agency: NUST

110 ## - HEADING--CORPORATE NAME

  • Corporate name or jurisdiction name as entry element: Patra, Hemalata Roy, Gopendra Kishore

670 ## - SOURCE DATA FOUND

  • Source citation: Work cat.: (NUST): Swain, Anup Kumar 112438, Mechanical Operations, 2014.
© 2023 Central Library, National University of Sciences and Technology. All Rights Reserved.